Statistics for US Airline Hub Airports

Click here to take the quiz!

General Stats

  • This quiz has been taken 4,799 times
    (2,941 since last reset)
  • The average score is 25 of 36

Answer Stats

HintAnswer% Correct
Delta Air LinesLos Angeles
94%
United AirlinesLos Angeles
94%
American AirlinesLos Angeles
94%
Delta Air LinesAtlanta
93%
Southwest AirlinesAtlanta
93%
United AirlinesSan Francisco
88%
American AirlinesMiami
87%
Delta Air LinesNew York-JFK
85%
American AirlinesNew York-JFK
85%
Delta Air LinesSeattle/Tacoma
85%
Southwest AirlinesDenver
82%
United AirlinesDenver
82%
United AirlinesNewark
78%
United AirlinesChicago-O'Hare
76%
American AirlinesChicago-O'Hare
76%
American AirlinesPhoenix-Sky Harbor
75%
Southwest AirlinesPhoenix-Sky Harbor
75%
Delta Air LinesDetroit
74%
American AirlinesCharlotte
72%
Delta Air LinesMinneapolis/St. Paul
71%
American AirlinesNew York-LaGuardia
68%
Delta Air LinesNew York-LaGuardia
68%
Southwest AirlinesOrlando-International
68%
American AirlinesPhiladelphia
68%
Southwest AirlinesLas Vegas
66%
American AirlinesDallas/Fort Worth
65%
United AirlinesWashington-Dulles
61%
Delta Air LinesSalt Lake City
60%
Southwest AirlinesBaltimore
56%
Southwest AirlinesChicago-Midway
54%
United AirlinesHouston-Intercontinental
54%
American AirlinesWashington-National
50%
Southwest AirlinesDallas-Love
41%
Southwest AirlinesOakland
34%
Southwest AirlinesHouston-Hobby
33%
United AirlinesGuam
20%

Score Distribution

Percentile by Number Answered

Percent of People with Each Score

Your Score History

You have not taken this quiz since the last reset